Historia de la revolución de las Provincias Vascongadas y Navarra (Record no. 28083)

MARC details
000 -LEADER
campo de control de longitud fija 00785nam a2200205 i 4500
001 - NÚMERO DE CONTROL
campo de control 28083
003 - IDENTIFICADOR DE NÚMERO DE CONTROL
campo de control ES-MaACL
005 - FECHA Y HORA DE LA ÚLTIMA TRANSACCIÓN
campo de control 20240228210414.0
007 - CAMPO FIJO DE DESCRIPCIÓN FÍSICA--INFORMACIÓN GENERAL
campo de control de longitud fija t|
008 - DATOS DE LONGITUD FIJA--INFORMACIÓN GENERAL
campo de control de longitud fija 030116s1973 sp a |||| | spa d
100 1# - ENTRADA PRINCIPAL--NOMBRE DE PERSONA
Nombre de persona Bacon, John Francis.
9 (RLIN) 154862
245 10 - MENCIÓN DEL TÍTULO
Título Historia de la revolución de las Provincias Vascongadas y Navarra
Resto del título : desde 1833 a 1837, con una reseña política y religiosa de España /
Mención de responsabilidad, etc. Francisco Bacon ; [adaptación Mertxe Muguruza].
260 ## - PUBLICACIÓN, DISTRIBUCIÓN, ETC.
Lugar de publicación, distribución, etc. San Sebastián :
Nombre del editor, distribuidor, etc. Txertoa,
Fecha de publicación, distribución, etc. [1973]
300 ## - DESCRIPCIÓN FÍSICA
Extensión 173 p. :
Otras características físicas il. ;
Dimensiones 20 cm.
651 #4 - PUNTO DE ACCESO ADICIONAL DE MATERIA--NOMBRE GEOGRÁFICO
Nombre geográfico España-
Subdivisión general Historia-
Subdivisión cronológica 1833-1840, Guerra carlista
9 (RLIN) 8250
651 #4 - PUNTO DE ACCESO ADICIONAL DE MATERIA--NOMBRE GEOGRÁFICO
Nombre geográfico Bilbao-
Subdivisión general Historia-
Subdivisión cronológica 1835-1836, Sitio.
9 (RLIN) 169521
700 1# - ENTRADA AGREGADA--NOMBRE PERSONAL
Nombre de persona Muguruza, Mertxe.
9 (RLIN) 84079
852 ## - LOCALIZACIÓN
Ubicación ES-MaACL
Número de control de estantería C-55685
Holdings
Estatus retirado Estado de pérdida Estado de daño No para préstamo Biblioteca de origen Biblioteca actual Ubicación en estantería Fecha de adquisición Fuente de adquisición Total de préstamos Signatura topográfica completa Código de barras Visto por última vez Precio de reemplazo Tipo de ítem Koha
        Biblioteca del Ateneo de Madrid Biblioteca del Ateneo de Madrid Depósito 2 17/01/2008     C-55685 1028994 23/02/2023 23/02/2023 Libro impreso